000
00234nam a22000857a 4500
999
_c
10931
_d
10931
008
180409b ||||| |||| 00| 0 eng d
100
_a
Koshy, Sonymol z
_9
6739
245
_a
Computers made Friendly
260
_a
New Delhi
_b
Cordova Publication